000 00823cam a22002653a 4500
001 23579
003 PGUSA
005 20140828083513.0
008 071121s2007||||xxu|||||s|||||000 | eng d
040 _aPGUSA
_beng
042 _adc
050 4 _aQK
100 1 _aCurtis, William,
_d1746-1799
245 1 4 _aThe Botanical Magazine Vol. 7 ;
_bor, Flower-Garden Displayed
_h[electronic resource] /
_cWilliam Curtis
260 _bProject Gutenberg,
_c2007
506 _aPublic domain in the USA.
516 _aElectronic text
653 _aPlants -- Periodicals
653 _aPlants, Cultivated -- Periodicals
653 _aPlants, Ornamental -- Periodicals
653 _aBotanical illustration -- Periodicals
830 0 _aProject Gutenberg
_v23579
856 4 0 _uhttp://www.gutenberg.org/ebooks/23579
942 _cEB
999 _c252834
_d252834